[Event "CZE-ch"]
[Site "Zlin"]
[Date "1998.06.18"]
[Round "6"]
[White "Voloshin, Leonid"]
[Black "Haba, Petr"]
[Result "1/2-1/2"]
[WhiteElo "2420"]
[BlackElo "2570"]
[Annotator "Avrukh,B"]
[PlyCount "43"]
[EventDate "1998.06.13"]
[EventType "tourn"]
[EventRounds "11"]
[EventCountry "CZE"]
[EventCategory "9"]
[SourceTitle "CBM 066"]
[Source "ChessBase"]
[SourceDate "1998.09.30"]
[SourceVersion "1"]
[SourceVersionDate "1998.09.30"]
[SourceQuality "1"]

1. d4 d5 2. Nf3 Nf6 3. Bg5 Ne4 4. Bf4 c5 5. e3 Qb6 6. Qc1 Nc6 7. c3 Bf5 8. Be2
Rc8 (8... h6 9. h4 $6 (9. O-O e6 10. Nbd2 Be7 {1/2-1/2 Piket,J-Stohl,I/OHRA-B
1990}) 9... e6 10. Nbd2 Be7 11. Nxe4 Bxe4 12. Bg3 Rc8 13. Qd2 cxd4 14. exd4 Na5
$15 {Pizarro Segura,E-Ferguson,M/Benasque op 1997 (41)}) (8... e6 9. O-O Be7
10. Nbd2 O-O 11. Ne5 Rfd8 12. Re1 Rac8 13. Nxe4 Bxe4 $11 {Richter,
R-Tischbierek,R/Biel op 1993 (37)}) 9. O-O cxd4 $5 {One of a few continuations
promising black good chanses in forthcoming struggle:} (9... e6 10. Nbd2 Be7
11. Nxe4 (11. Nb3 $6 O-O 12. dxc5 Nxc5 13. Nxc5 Bxc5 14. Ne5 Rfd8 15. Qd2 f6
$15 {Edinger,R-Piveny,I/Werfen op 1993 (43)}) 11... Bxe4 12. Qd2 O-O (12... f6
$5 13. Bg3 O-O 14. Rfd1 Rcd8 15. Rac1 Rfe8 16. h3 Bf8 17. dxc5 Bxc5 $13 {
Kaganski,M-Aleksandrov,A/Czestochowa op 1992/1/2-1/2 (57)}) 13. Ne5 (13. Rac1
cxd4 14. exd4 Qa5 $5 15. Ne5 Rfd8 16. Rfe1 Bf6 17. Nd3 Bxd3 18. b4 Qb6 $13 {
Taghian,T-Siegel,N/Saratoga Springs op 1997/1-0 (55)}) 13... Rfd8 14. f3 Bg6
15. Nxg6 hxg6 16. Kh1 Bd6 17. Bxd6 Rxd6 $11 {Soppe,G-Tempone,M/Cordoba op 1990
(24)}) (9... h6 10. Nbd2 e6 11. Nxe4 Bxe4 12. Ne5 Be7 13. Qd2 Nxe5 14. Bxe5 O-O
$11 {Petrik,K-Maros,M/SVK-chT9596 1996 (41)}) 10. exd4 e6 11. Nbd2 Be7 12. Be3
(12. Nxe4 $2 dxe4 13. Nd2 Nxd4 $17 {[%cal Gc8c1]}) 12... Qc7 {Black has fully
equalized the position and white decides to start to exchange the pieces,which
eventually leads to a draw.} (12... O-O 13. Nxe4 Bxe4 14. Qd2 Bd6 15. Rfe1 Qc7
16. h3 a6 $11) 13. Nxe4 Bxe4 14. Bf4 Bd6 15. Bxd6 Qxd6 16. Qe3 Bxf3 (16... O-O
17. Ng5 Bf5 18. Bd3 h6 19. Bxf5 exf5 20. Nf3 Rfe8 21. Qd3 $14) 17. Qxf3 O-O 18.
Bd3 Na5 19. Rae1 Nc4 20. Qh3 g6 21. Bxc4 (21. Re2 Qd7 $5 22. Rfe1 b5 {[%cal
Ga7a5,Gb5b4]} 23. b3 Nd6 {[%csl Rc3]} 24. Bb1 a5 25. a3 b4 26. cxb4 axb4 27.
axb4 Qb5 $15) 21... Rxc4 22. f4 1/2-1/2

[Event "RUS-Cup Final"]
[Site "Sochi"]
[Date "1997.09.23"]
[Round "6"]
[White "Kharitonov, Andrei Y"]
[Black "Voitsekhovsky, Stanislav"]
[Result "1-0"]
[WhiteElo "2540"]
[BlackElo "2480"]
[Annotator "Avrukh,B"]
[PlyCount "67"]
[EventDate "1997.09.17"]
[EventType "tourn"]
[EventRounds "11"]
[EventCountry "RUS"]
[EventCategory "13"]
[SourceTitle "CBM 062"]
[Source "ChessBase"]
[SourceDate "1998.01.31"]
[SourceVersion "1"]
[SourceVersionDate "1998.01.31"]
[SourceQuality "1"]

1. d4 {Tyomkin,D} Nf6 2. Nf3 e6 3. Bg5 d5 4. e3 c5 5. Nbd2 Nbd7 6. c3 Be7 7.
Bd3 b6 8. O-O Bb7 9. Ne5 Nxe5 10. dxe5 Nd7 11. Bxe7 (11. Bf4 {This move very
usefull after black castling} Qc7 {Petrosian shows exactly haw black should
react in this position} 12. Nf3 h6 13. b4 g5 14. Bg3 h5 15. h4 gxh4 16. Bf4
O-O-O 17. a4 $2 (17. bxc5 $5) 17... c4 18. Be2 $2 (18. Bf5 $1) 18... a6 19. Kh1
Rdg8 20. Rg1 Rg4 21. Qd2 Rhg8 22. a5 b5 23. Rad1 Bf8 24. Nh2 Nxe5 25. Nxg4 hxg4
26. e4 Bd6 $17 {Spassky,B-Petrosian,T Moscow 1966}) 11... Qxe7 12. f4 {In my
opinion white gets an advantage in this line} f6 (12... O-O-O 13. Qe2 (13. Nf3
f6 14. Bb5 Nf8 15. Qe2 Ng6 $132 {Timmer,R-Dreev,A,Bern,1993}) 13... f6 14. exf6
Nxf6 (14... gxf6 $5 15. e4 $13) 15. Nf3 {[%csl Re5]} c4 16. Bc2 Kb8 17. Qd2 Nd7
18. Qd4 Rde8 19. Ba4 $16 Ref8 20. Bxd7 {[%csl Rb7][%cal Gf3e5]} Qxd7 21. a4 Qc7
22. a5 bxa5 23. Ne5 Ka8 24. Ra2 Qb6 25. Rfa1 Qxd4 26. cxd4 Rc8 $16 {Hebert,
J-Ivanov,I Montreal 1983}) (12... g6 13. Nf3 O-O 14. Qe1 a6 15. Qg3 f6 16. h4
fxe5 17. fxe5 Qg7 18. Qg5 Rae8 19. h5 gxh5 20. Qxh5 h6 21. Rf2 $14 {D.
Kosic-Cvetkovic, Banja Koviljaca 1994}) 13. exf6 (13. Qh5+ Qf7 14. Qe2 O-O {
Sokolov,I} (14... f5 15. a4 a5 16. Nf3 h6 17. h3 Nb8 18. Bb5+ Nc6 19. Rfc1 $14
{Hulak,K-Polajzer,D}) (14... O-O-O {Hulak,K} 15. e4 $5 (15. exf6 gxf6 16. e4 d4
17. a4 e5 $6 18. f5 Nb8 19. Bc4 {[%cal Ga4a5,Gc4e6] /\ Be6,a5 ->}) 15... fxe5
16. exd5 exd5 (16... Bxd5 $14) 17. fxe5 Qe7 18. Nf3 Kb8 19. Rae1 d4 20. Be4 (
20. e6 $16) 20... Bxe4 21. Qxe4 dxc3 22. bxc3 Rhe8 23. Qxh7 Nf8 24. Qe4 Ne6 $16
{Hulak,K-van der Sterren,P Wijk aan Zee 1987}) 15. exf6 Nxf6 16. Nf3 Qh5 17.
Qe1 Ng4 18. h3 Nf6 19. Ne5 a6 20. g4 Qe8 21. g5 Nd7 22. Qh4 (22. Bxh7+ Kxh7 23.
Qh4+ Kg8 24. g6 (24. Nxd7 Qxd7 25. g6 Rf5 26. e4 dxe4 27. Rad1 Rd5) 24... Nf6)
22... g6 23. Ng4 (23. Qg4 Nxe5 $1 24. fxe5 Rf5 $1 25. Bxf5 exf5 $44 {|^}) 23...
Qe7 24. Qg3 Rae8 25. h4 Kh8 $16 {Sokolov,I-Ivanchuk,V Biel 1989}) 13... Nxf6 (
13... gxf6 14. e4 (14. Qh5+ Qf7 15. Qe2 f5 16. Bb5 O-O 17. Bxd7 Qxd7 18. Nf3
Kh8 19. Ne5 Qe8 20. b4 Rc8 21. Rf2 Rg8 $11 {Ye Rongguang-Beim,V/Dutch Open,
Dieren NED 1997/1/2-1/2(26)}) 14... O-O-O (14... O-O 15. Rf3 $36 {[%cal Gf3h3]}
) 15. Qe2 d4 16. a4 e5 17. f5 Nb8 18. a5 Nc6 19. axb6 axb6 20. Ba6 $14 {
Spassky,B-Sokolov,A,Bugoino,1986}) 14. Bb5+ $14 Kf7 (14... Nd7 $6 15. Qh5+ g6
16. Qg5 $1 $16) 15. Nf3 Rhf8 $146 (15... Rhd8 16. Qe1 Kg8 17. Bd3 d4 $6 18.
exd4 (18. cxd4 Bxf3 19. Rxf3 cxd4 20. e4) 18... Bxf3 19. Rxf3 cxd4 20. Bc4 $16
{[%csl Re6] Kosic,D-Kalesis,N/Athens zt plof 1993/1/2-1/2(30)}) 16. Qe1 Kg8 17.
Qh4 Rad8 18. Bd3 {[%cal Rd3h7]} Qe8 19. Rad1 h6 20. Ne5 $14 {/+/-} d4 21. exd4
cxd4 22. c4 Qa4 $6 (22... Be4 $142 23. Bxe4 Nxe4 24. Rfe1 $16 {[%csl Re6] <->e}
) 23. Qh3 Rd6 24. b3 $1 Qxa2 $2 25. Ra1 Qd2 26. c5 $1 Bxg2 $4 (26... bxc5 27.
Nc4 (27. Rxa7 Bd5 28. Rxg7+ (28. Qg3 $2 Qe3+) 28... Kxg7 29. Qg3+ Kh8 30. Ng6+
Kg7 31. Ne5+ $11) 27... Qxg2+ 28. Qxg2 Bxg2 29. Kxg2 Rd7 30. Ne5 (30. Ra6 $2
Nd5 {[%cal Gd5b4,Gd5f4]}) 30... Rb7 31. Bc4 $16 {/+-}) 27. Qxg2 $18 Qxg2+ 28.
Kxg2 bxc5 29. Rxa7 Nd5 30. Kg3 Rb8 31. Kf3 Nb4 32. Rg1 g5 33. fxg5 h5 34. Bh7+
1-0

[Event "EU-Cup 13th Group3"]
[Site "Slough"]
[Date "1997.09.23"]
[Round "2"]
[White "Delemarre, Jop"]
[Black "Watzka, Horst"]
[Result "1/2-1/2"]
[WhiteElo "2395"]
[BlackElo "2370"]
[Annotator "Avrukh,B"]
[PlyCount "55"]
[EventDate "1997.09.22"]
[EventType "team-k.o."]
[EventRounds "3"]
[EventCountry "ENG"]
[SourceTitle "EXT 2020"]
[Source "ChessBase"]
[SourceDate "2019.10.17"]
[SourceVersion "1"]
[SourceVersionDate "2019.10.17"]
[SourceQuality "1"]
[WhiteTeam "Breda Panfox"]
[BlackTeam "Graz Merkur Versicherung"]
[WhiteTeamCountry "NED"]
[BlackTeamCountry "AUT"]

1. d4 {Tyomkin,D} Nf6 2. Nf3 g6 3. Bg5 Bg7 4. Nbd2 d5 5. c3 O-O 6. e3 Nbd7 7.
Be2 Re8 8. O-O e5 9. Nb3 c6 10. Bh4 {In this variation white can't get some
serious advantage.} exd4 $146 (10... h6 11. Rc1 Qb6 (11... e4 12. Nfd2 b5 13.
a4 a6 $6 (13... bxa4 $142) 14. Ra1 Bb7 15. h3 Bf8 16. Bg3 Nh7 17. axb5 axb5 18.
Rxa8 Bxa8 19. Qa1 Nb6 20. Nc5 $14 {Sergeev,V-Jirovsky,P/SVK-ch 1997/EXT 97/1-0
(58)}) 12. c4 dxc4 13. Nbd2 e4 $6 14. Ne5 Nxe5 15. dxe5 Nd5 16. Nxc4 Qc7 17.
Bg3 $14 {Malaniuk,V-Iljin,S/St.Petersburg op 1995/EXP 46/1-0 (40)}) 11. Nbxd4
$6 (11. cxd4 $142 Qb6 12. Nfd2 $14 (12. Rc1 Ne4)) (11. exd4 Qb6 $10) 11... Qb6
$10 {/=/+ Black got position,which usually getting with white pieces.} 12. Qc2
$6 Ne5 13. Nxe5 Rxe5 $15 {preparing c5 and Bf5} 14. b4 a5 15. a3 Re8 $15 16.
Rfd1 Ne4 17. Qb3 $6 (17. f3 $142 Nd6 18. Bf2 $15) 17... Nd6 $2 (17... c5 $142
$1 18. Bb5 $140 (18. bxc5 $2 Qxb3 19. Nxb3 Nxc3 $19) 18... cxd4 19. Bxe8 Nxc3
$19) 18. Bg3 Nf5 $2 (18... Ne4 $142) 19. Nxf5 Bxf5 20. Bd6 $1 $14 Qd8 21. Bc5
Qg5 22. Bd4 $14 Be4 23. Bf1 Bxd4 24. Rxd4 (24. cxd4 $5 $14) 24... b5 $6 (24...
Re7 $142 $14) 25. a4 $1 axb4 26. cxb4 bxa4 27. Rxa4 Rab8 28. Qc3 $14 {Strange
solution to agree a draw in this position,because this position is the best
for white in this game! Perhapse white was in time-trouble already.} (28. Qc3
Re6 29. Ra6 Qf6 (29... c5 $2 30. Rxe6 cxd4 31. Qc7 Rxb4 32. Re8+ Kg7 33. Qc5)
30. Qc5) 1/2-1/2

[Event "RUS-Cup10"]
[Site "Tomsk"]
[Date "1997.07.23"]
[Round "3"]
[White "Balashov, Yuri S"]
[Black "Ibragimov, Alibek"]
[Result "1-0"]
[WhiteElo "2550"]
[BlackElo "2430"]
[Annotator "Avrukh,B"]
[PlyCount "77"]
[EventDate "1997.07.21"]
[EventType "swiss"]
[EventRounds "9"]
[EventCountry "RUS"]
[SourceTitle "EXT 2000"]
[Source "ChessBase"]
[SourceDate "1999.11.16"]
[SourceVersion "1"]
[SourceVersionDate "1999.11.16"]
[SourceQuality "1"]

1. Nf3 Nf6 2. d4 g6 3. Bg5 d5 4. e3 Bg7 5. Nbd2 O-O 6. c3 Re8 (6... c6 7. Bd3
Nbd7 (7... Bg4 8. h3 Bxf3 9. Nxf3 Nbd7 10. Bf4 Qb6 11. Rb1 c5 12. O-O Rac8 13.
Ne5 e6 14. Qf3 Nxe5 15. Bxe5 Nd7 16. Bxg7 Kxg7 17. Rfd1 Rfd8 18. Bf1 {1/2-1/2
Speelman,J-Piket,J/Antwerpen 1993}) (7... Qb6 8. Qc2 (8. Qb1 c5 $6 9. b4 $1
cxd4 10. cxd4 Nc6 11. a3 Be6 12. O-O Rac8 13. Bh4 Kh8 14. Nb3 $16 {Balashov,
Y-Gufeld,E/Vilnius zt 1975/1-0 (75)}) 8... Nbd7 9. O-O Re8 10. Ne5 $2 (10. e4
$142) 10... Nxe5 11. dxe5 Ng4 $19 {Petry,C-Kovaljov,D/World Juniors, Zagan POL
1997/1-0 (49)}) 8. O-O Re8 9. e4 (9. Re1 Qb6 10. Qc2 {1/2-1/2 Voitsekhovsky,
S-Yandemirov,V/Russia Cup 1997}) 9... dxe4 10. Nxe4 Nxe4 11. Bxe4 Nf6 12. Bc2
Bg4 13. h3 Bxf3 14. Qxf3 Qd5 15. Qxd5 cxd5 16. Rfe1 e6 17. Ba4 Rec8 18. f3 a6
19. Kf2 b5 20. Bb3 Nd7 {1/2-1/2 Popchev,M-Georgiev,K/BUL-ch 1988/EXT 88ch}) 7.
Be2 $146 (7. Bd3 Bg4 {[%cal Ge7e5]} 8. Qb3 b6 9. Ne5 Be6 10. Bb5 Rf8 11. Qa3
Qd6 12. Qa4 Bd7 13. Bf4 Bxb5 14. Qxb5 c6 15. Qa4 Qe6 16. h3 Nfd7 17. Nd3 $2 (
17. Nef3 $142 $14) 17... Qf5 $1 18. Ke2 e5 19. dxe5 $4 Qxd3+ {[%cal Gd7c5] 0-1
Lakat,R-Princz,F/HUN-chT2 1993/TD 93\10}) 7... Nc6 $2 (7... Nbd7 $142) 8. b4 $1
(8. O-O e5 9. Bb5 (9. dxe5 Nxe5 10. Nxe5 Rxe5 11. Nf3 Re8 $11) 9... e4 10. Ne5
Bd7 $13) 8... h6 9. Bh4 e5 (9... a6 10. a4 e5 11. b5 axb5 12. axb5 Rxa1 13.
Qxa1 e4 14. bxc6 exf3 15. Nxf3 bxc6 16. O-O {with advantage.}) 10. b5 e4 (10...
exd4 $2 11. bxc6 dxc3 12. Nb3 bxc6 13. Rc1 $16) 11. bxc6 exf3 12. Bxf3 $14 (12.
Nxf3 $143 bxc6 13. O-O (13. Ne5 c5) 13... g5 14. Bg3 Ne4 $132) 12... bxc6 13.
O-O Bf5 14. Qa4 g5 15. Bg3 Qd7 (15... Bd3 16. Rfe1) 16. Nb3 Bf8 17. Na5 Bd3 (
17... c5 18. Qxd7 Bxd7 19. Bxc7) 18. Rfe1 Bb5 19. Qc2 {[%cal Gc3c4]} g4 20. Be2
c5 $2 (20... Ne4 21. c4 dxc4 22. Nxc4 Nxg3 23. hxg3 $16) (20... Bxe2 $142 21.
Rxe2 Ne4 $14) 21. dxc5 Bxc5 (21... Bxe2 $2 22. c6) 22. c4 Ba4 23. Nb3 Bb4 (
23... Bf8 24. Red1 Bg7 25. Rac1 c6 26. cxd5 cxd5 27. Qd3 Rac8 28. Rxc8 Rxc8 29.
Be5 $1 $16 {[%csl Gd5,Gg4]}) 24. Red1 Qe6 $2 (24... c6 25. Rac1 (25. cxd5 cxd5
26. Qd3 Rac8 27. Bf4 Ne4 $132) 25... Rac8 26. Bf4 $16) 25. cxd5 Nxd5 26. Bxg4
$2 (26. Rd4 $1 c5 (26... f5 27. Rxd5 $18) (26... h5 27. Bc4 $18) 27. Rxg4+ Kh8
(27... Kf8 28. Qh7 $18) 28. a3 {and white wins easily.}) 26... Nxe3 $1 (26...
Qxg4 27. Rxd5 Rad8 28. Rxd8 Rxd8 29. h3 {[%csl Gc7] and white wins easily.})
27. fxe3 Qxg4 28. Rd4 Qg7 29. Qc4 (29. Qf5 {[%cal Gd4g4]} Re6 30. Rg4 (30. Rxb4
Bxb3 31. Rg4 Rg6 32. Be5 Be6 $1) 30... Rg6 31. Be5 Qh7 32. Rxb4 $140 $2 Rxg2+
$19) (29. Qe2 Re6 30. Rxb4 Bxb3 31. Rc1 Bd5 32. Rxc7 Qa1+ $11) 29... Bxb3 30.
axb3 Be7 (30... Bd2 $143 31. Rg4 $1 (31. Bf4 c5 (31... Rad8 32. Qc6 $1) 32.
Qxc5 Bxe3+ 33. Bxe3 Rxe3 $11) 31... Bxe3+ 32. Kh1 Bg5 33. Rf1 {[%cal Gh2h4]} h5
34. Rxf7 (34. Rxg5 Qxg5 35. Qxf7+ Kh8 36. Bf4 $5) 34... Qxf7 35. Rxg5+ Kf8 36.
Qc5+ Qe7 37. Rf5+ Kg8 38. Qd5+ Qe6 39. Rg5+ {with decisive attack.}) 31. Rf1
Bg5 32. Bf4 $2 (32. Rg4 $142 Re6 33. Bf4 {[%cal Gh2h4]} Kh8 (33... Rg6 34. Bxg5
Rxg5 35. Rxg5 hxg5 36. Qxc7 $16) 34. Bxg5 hxg5 35. Qd5 Rg8 36. Rg3 g4 37. Qh5+
Rh6 38. Qxf7 $16) (32. Rd7 $142 Bxe3+ 33. Kh1 Re6 (33... Rf8 34. Bxc7 (34. Rxc7
{[%cal Gg3d6]} Rad8 $14) 34... Rac8 35. Qd5 $16) 34. Rdxf7 Qxf7 35. Rxf7 Kxf7
36. Qxc7+ {and position is very unpleasant for black.}) 32... Rxe3 33. h4 (33.
Bxg5 hxg5 34. Rd7 Rf8 35. Rxc7 a5 $11) 33... Bxf4 $2 $138 {this loses by force.
} ({The right way was} 33... c5 $1 34. Qxc5 (34. hxg5 Qxd4 35. Qxf7+ Kxf7 36.
Bxe3+ Kg6 37. Bxd4 cxd4 $11) (34. Rd7 Re7 35. Rxe7 Bxe7 36. Bxh6 Qd4+ $11)
34... Bxf4 35. Rdxf4 Re2 36. Qd5 Rf8 37. Qf3 Re6 {and white has no useful
moves to strenghten his position.}) 34. Rdxf4 $18 {[%cal Gf4g4]} Re6 (34... Rc3
35. Qe4 {[%csl Ga8][%cal Gf4g4]}) 35. Rg4 Rg6 36. Rxf7 $1 Qxf7 37. Rxg6+ Kf8
38. Qc5+ Ke8 (38... Qe7 39. Rg8+ $18) 39. Qc6+ {and here black resighned in
view of 39...Ke7 40Qc7-Ke8 41 Qe5 etc.} 1-0

[Event "RUS-Cup01 Chigorin Memorial"]
[Site "St Petersburg"]
[Date "1997.11.04"]
[Round "4"]
[White "Rashkovsky, Nukhim N"]
[Black "Neverov, Valeriy"]
[Result "1/2-1/2"]
[WhiteElo "2510"]
[BlackElo "2560"]
[Annotator "Avrukh,B"]
[PlyCount "58"]
[EventDate "1997.11.01"]
[EventType "swiss"]
[EventRounds "9"]
[EventCountry "RUS"]
[SourceTitle "CBM 062"]
[Source "ChessBase"]
[SourceDate "1998.01.31"]
[SourceVersion "1"]
[SourceVersionDate "1998.01.31"]
[SourceQuality "1"]

1. d4 {Tyomkin,D} Nf6 2. Nf3 g6 3. c3 Bg7 4. Bg5 O-O 5. Nbd2 d5 6. e3 Nbd7 7.
Be2 b6 8. O-O Bb7 9. b4 a5 $6 {Anyway white plans to play b4-b5} (9... Re8 {
Leko,P} 10. b5 (10. Qb3 e5 11. Rfc1 Qe7 12. a4 a6 13. b5 a5 14. Rab1 Rac8 15.
Qa2 h6 16. Bh4 Qd6 17. Rd1 exd4 18. cxd4 $14 {Miles-Leko, Horgen 1994}) (10. a4
c5 11. bxc5 bxc5 12. Rb1 Bc6 $10) 10... e5 11. Bh4 (11. c4 exd4 12. Nxd4 Ne5
13. Rc1 c5 14. bxc6 Nxc6 $10) 11... Qe7 $1 (11... a6 {Leko,P} 12. a4 axb5 13.
axb5 e4 14. Ne1 $14 {/\ c4 ><c7}) 12. a4 a6 13. Qb3 $5 (13. c4 {Leko,P} axb5
14. axb5 Rxa1 15. Qxa1 Ra8 16. Qb2 exd4 17. Nxd4 Nc5 $10) 13... e4 $1 (13...
axb5 $5 14. axb5 e4 15. Rxa8 Rxa8 16. Ne1 Qa3 $15) 14. Ne1 axb5 15. Bxb5 c6 16.
Be2 c5 (16... Ba6 $6 17. Bxa6 Rxa6 18. Nc2 Qe6 19. Nb4 Raa8 20. c4 $14) 17. Bb5
(17. Nc2 c4 18. Qa3 Qe6 19. Rfb1 Ra5 $15 {/\ Bc6, Rea8 ><a4}) 17... Rec8 18.
Nc2 Qe6 $1 $15 {Lutz,C-Leko,P/Dortmund 1994/0-1(41)}) 10. b5 h6 (10... Re8 $5
11. c4 e5 12. Rc1) (10... Ne4 11. Nxe4 dxe4 12. Nd2 h6 13. Bh4 f5 14. f3 $14)
11. Bh4 g5 12. Bg3 Nh5 (12... Ne4 13. Nxe4 dxe4 14. Ne5 $5 Nxe5 15. dxe5 $14)
13. Rc1 Nxg3 14. hxg3 Re8 15. c4 e5 (15... dxc4 $6 16. Bxc4 e5 17. Qb3 (17. Qc2
) 17... Qe7 18. Bd5 $1 $16 {[%csl Rc7] <->c}) 16. c5 $1 {[%cal Rc5c6]} c6 17.
cxb6 Qxb6 18. bxc6 Bxc6 19. dxe5 Nxe5 20. Rb1 Nxf3+ 21. Nxf3 $14 {White is
better because of fact the isolated pawn"d5"is blockated,and Be2 is better
than his opponent on-c6} Qc5 22. Qc1 (22. Qd2 $14) (22. Nd4 $14) 22... Qxc1 23.
Rfxc1 Rec8 24. Nd4 Bd7 25. Bf3 $2 (25. Bd3 $142 $14 {[%csl Gf5]}) 25... Bxd4 $1
26. exd4 Bf5 $11 {[%cal Gf5e4]} 27. Rxc8+ Rxc8 28. Rb5 Rc1+ 29. Kh2 Be4 (29...
Be4 30. Bxe4 dxe4 31. Rxa5 Rc2 32. Re5 Rxa2 33. Rxe4 Rxf2 $11) 1/2-1/2

[Event "Moscow"]
[Site "Moscow"]
[Date "1981.04.??"]
[Round "7"]
[White "Petrosian, Tigran V"]
[Black "Smejkal, Jan"]
[Result "1/2-1/2"]
[WhiteElo "2585"]
[BlackElo "2535"]
[Annotator "Belov,I"]
[PlyCount "70"]
[EventDate "1981.04.08"]
[EventType "tourn"]
[EventRounds "13"]
[EventCountry "URS"]
[EventCategory "15"]
[SourceTitle "MCL"]
[Source "ChessBase"]
[SourceDate "1999.07.01"]
[SourceVersion "1"]
[SourceVersionDate "1999.07.01"]
[SourceQuality "1"]

1. d4 Nf6 2. Nf3 g6 3. Bg5 Bg7 4. Nbd2 d5 5. e3 O-O 6. c3 Nbd7 (6... c6 $5 7.
Bd3 Bg4 8. h3 Bxf3 9. Nxf3 Nbd7 10. Bf4 Qb6 11. Rb1 c5 $10 {Speelman,J-Piket,
Je/Antwerpen/1993/}) 7. Be2 (7. b4 c6 8. Be2 Re8 9. O-O e5 10. Rc1 {Malaniuk,
V-Stohl,I/Brno/1993/0,5 (26) Inf 58/384/} Qe7 $13) 7... b6 (7... Re8 8. O-O e5
9. Nb3 c6 10. Rc1 a5 11. c4 a4 12. Nbd2 exd4 13. Nxd4 Qa5 14. cxd5 Qxd5 15. Bf4
$14 {Miles,A-Nunn,J/London/1993/1:0 (45) Inf 58/385/}) (7... c6 8. O-O Re8) 8.
a4 (8. b4 Bb7 9. O-O Qe8 10. Bxf6 Bxf6 11. b5 a6 12. a4 e5 13. dxe5 Nxe5 14.
Nxe5 Bxe5 15. Qb3 $14 {Seirawan,Y-Kudrin,S/USA(ch)/1988/Inf 46/(478)/}) 8... a5
(8... Bb7 9. a5 c5 10. O-O $14) 9. O-O Bb7 10. Re1 (10. b4 $5) 10... Re8 11.
Qb3 e5 12. dxe5 Nxe5 13. Nxe5 Rxe5 14. Nf3 Re8 $10 15. Red1 Qe7 16. Nd4 {
/\ Bb5 ><c6/} Qc5 (16... Qe5 17. Bf4 Qe7 18. Bb5 $16) 17. Bf3 (17. Bxf6 $5 Bxf6
18. Bf3) 17... Ne4 18. Bf4 {/\ Qb5/} Be5 19. Bxe5 Rxe5 20. Qa3 Qxa3 21. Rxa3
Re7 (21... Nc5 $5) 22. h4 Kg7 23. Ne2 $1 h6 24. Nf4 $14 c6 25. Rb3 (25. Bxe4
Rxe4 26. Rb3 Ra6 27. Rd4 $14) 25... Nc5 $1 26. Rxb6 Nxa4 27. Rb3 Ba6 (27... Nc5
28. Ra3 a4 29. Nd3 $16 {>< a4/}) 28. Rd2 (28. Ra1 $5 Bb5 (28... Nc5 29. Rb6 $16
) 29. Be2 Nc5 30. Rba3 $16) 28... Nc5 29. Rb6 Rc7 {/\ Na4/} 30. Be2 Bxe2 31.
Nxe2 Nd7 32. Rb3 Nc5 33. Rb6 Nd7 34. Rb3 Nc5 35. Ra3 Rb8 $1 $10 (35... Rb8 $1
36. Nd4 (36. Rxa5 $4 Nb3 $19) 36... a4 $13) 1/2-1/2

[Event "YUG-ch"]
[Site "Novi Sad"]
[Date "1995.??.??"]
[Round "?"]
[White "Damljanovic, Branko"]
[Black "Mozetic, Dejan"]
[Result "1-0"]
[WhiteElo "2575"]
[BlackElo "2540"]
[Annotator "Belov,I"]
[PlyCount "65"]
[EventDate "1995.02.??"]
[EventType "tourn"]
[EventRounds "17"]
[EventCountry "YUG"]
[EventCategory "10"]
[SourceTitle "CBM 048"]
[Source "ChessBase"]
[SourceDate "1995.10.01"]
[SourceVersion "1"]
[SourceVersionDate "1995.10.01"]
[SourceQuality "1"]

1. Nf3 Nf6 2. d4 g6 3. Bg5 Bg7 4. Nbd2 O-O 5. c3 d5 6. e3 Nbd7 7. Be2 Re8 8.
O-O (8. b4 h6 9. Bh4 g5 10. Bg3 Nh5 11. Nb3 Nxg3 12. hxg3 e5 13. Rc1 c6 14. Nc5
e4 15. Nd2 f5 $13 {Cifuentes Parada,R-Smirin,I/Wijk op/1993/0:1/50/}) (8. Qb3
c6 9. O-O e5 10. e4 exd4 11. cxd4 dxe4 12. Bc4 Re7 13. Nxe4 Rxe4 14. Bxf7+ Kh8
15. Rae1 Qf8 16. Ne5 Rxd4 17. f4 Rd5 $3 $17 {Timman,J-Kamsky,G/Moskow/1992/0:1/
41/}) 8... c6 9. a4 (9. c4 h6 10. Bh4 e6 11. Qc2 a5 12. Rac1 a4 13. Ne5 $14 {
Panchenko,A-Meshkov,Y/Podolsk/1992/1:0/24/}) (9. Rc1 h6 10. Bh4 e5 11. Nb3 e4
12. Nfd2 b5 13. Ra1 Nb6 14. Nc5 g5 15. Bg3 $14 {Miles,A-Barcenilla,R/Calcutta
op/1994/1:0/35/}) 9... e5 10. a5 Qe7 (10... e4 11. Ne1 a6 12. c4 Nf8 $14) 11.
a6 $5 b5 12. Nb3 Qf8 (12... Qd6 $5 13. dxe5 Nxe5 14. Bf4 Nfd7) 13. Na5 Qd6 (
13... e4 14. Nd2 Qd6 15. Bf4 Qe6 16. f3 $16) 14. dxe5 Nxe5 15. Bf4 Nfd7 16. Nd4
Qc5 17. Ra2 Qb6 (17... Bxa6 18. Naxc6 Nxc6 19. Rxa6 $16) 18. Bf3 Nb8 (18...
Bxa6 19. Naxc6 Nxc6 20. Nxc6 Qxc6 21. Bxd5 Qb6 22. Bxa8 $18) 19. Bxe5 Rxe5 20.
Qa1 c5 (20... Bxa6 21. Naxc6 Nxc6 22. Rxa6 $18) 21. Ne2 Nxa6 22. Rd1 Nc7 (22...
Rb8 23. Bxd5 Nc7 24. Bf3 $16) 23. c4 $6 (23. Nf4 $44) 23... Be6 $6 (23... bxc4
24. Nxc4 $2 (24. Nc3 Be6 (24... Bb7 25. Nxb7 Qxb7 26. Ra5 Qc6 27. Rxa7 Rxa7 28.
Qxa7 $44) 25. Nxc4 dxc4 26. Bxa8 Nxa8 27. Rxa7 Nc7 28. Rd8+ Bf8 $13) 24... dxc4
25. Rd8+ (25. Bxa8 Nxa8 26. Rxa7 Nc7 27. Rd8+ Re8 $17) 25... Ne8 26. Rxe8+ Rxe8
27. Bxa8 Be6 28. Rxa7 Qxb2 $17) 24. cxb5 Qxb5 (24... Nxb5 $2 25. Nc4 dxc4 26.
Bxa8 $18) 25. Nc3 Qb8 $2 (25... Qb6 26. Nc4 dxc4 27. Bxa8 Nxa8 28. Rxa7 Nc7 29.
Rd8+ Bf8 $13) 26. Nc6 $16 Qb7 27. Nxe5 Bxe5 28. Ra5 Rb8 $6 (28... Bd6 29. b4
Qxb4 (29... cxb4 30. Nxd5 Nxd5 31. Bxd5 Bxd5 32. Raxd5 Bf8 33. Rd8 Rxd8 34.
Rxd8 $18) 30. Nxd5 Nxd5 31. Bxd5 Bxd5 32. Rxd5 Bf8 $16) 29. Rxc5 Qxb2 30. Qxb2
Rxb2 31. Nxd5 $18 Ne8 (31... Nxd5 32. Bxd5 Bxd5 33. Rcxd5 $18) 32. Ne7+ Kg7 $2
(32... Kf8 33. Nxg6+ hxg6 34. Rxe5 $18) 33. Rxe5 1-0